[Event "Asian Cities-chT"]
[Site "Khanty-Mansiysk"]
[Date "2024.04.22"]
[Round "2.2"]
[White "Bayantas, Asman"]
[Black "Novikov, Maxim"]
[Result "1/2-1/2"]
[WhiteElo "2127"]
[BlackElo "2435"]
[PlyCount "63"]
[EventDate "2024.04.21"]
[EventType "team-swiss"]
[EventRounds "9"]
[EventCountry "RUS"]
[SourceTitle "CB18_2024"]
[SourceDate "2024.05.01"]
[SourceVersion "1"]
[SourceVersionDate "2024.05.01"]
[SourceQuality "2"]
[WhiteTeam "Pavlodar"]
[BlackTeam "Tula"]
[WhiteTeamCountry "KAZ"]
[BlackTeamCountry "RUS"]

1. d4 d5 2. c4 e6 3. g3 Nf6 4. Bg2 a6 5. Nf3 dxc4 6. 0-0 Nc6 7. Nbd2 Nxd4 8. Nxc4 Bc5 9. Nfe5 0-0 10. Be3 Ba7 11. Rc1 c5 12. Bd2 Nd5 13. e3 Nb5 14. Ba5 Qe7 15. a4 Nd6 16. e4 Nxc4 17. Nxc4 Nb4 18. Bxb4 cxb4 19. e5 Bd7 20. Nd6 Bc6 21. Bxc6 bxc6 22. Rxc6 f6 23. Qc2 fxe5 24. Ne4 Bd4 25. Qc4 Kh8 26. Rxe6 Qb7 27. Rc6 Rfc8 28. Nd6 Rxc6 29. Nf7+ Kg8 30. Nh6+ Kh8 31. Nf7+ Kg8 32. Nh6+ 1/2-1/2

[Event "RUS-ch Rapid"]
[Site "Sochi"]
[Date "2023.10.16"]
[Round "8"]
[White "Timerkhanov, Alexander"]
[Black "Novikov, Maxim"]
[Result "0-1"]
[WhiteElo "2336"]
[BlackElo "2435"]
[PlyCount "85"]
[EventDate "2023.10.15"]
[EventType "swiss (rapid)"]
[EventRounds "11"]
[EventCountry "RUS"]
[SourceTitle "Mega2024 Update 01"]
[Source "Chessbase"]
[SourceDate "2023.11.12"]
[SourceVersion "1"]
[SourceVersionDate "2023.11.12"]
[SourceQuality "1"]

1. d4 Nf6 2. Bg5 Ne4 3. Bf4 d5 4. Nd2 Nf6 5. e3 g6 6. Ngf3 Bg7 7. h3 0-0 8. Bd3 Nbd7 9. 0-0 c5 10. c3 b6 11. Qe2 Bb7 12. Ne5 Nxe5 13. Bxe5 Nd7 14. Bxg7 Kxg7 15. f4 f5 16. g4 e6 17. g5 c4 18. Bc2 Bc6 19. h4 Rh8 20. Nf3 b5 21. a3 a5 22. Kf2 b4 23. axb4 axb4 24. cxb4 Qb6 25. h5 Qxb4 26. Kg3 Rxa1 27. Rxa1 Qxb2 28. Rb1 Qc3 29. Rh1 h6 30. hxg6 h5 31. Rh4 Nf8 32. Qh2 Be8 33. Rxh5 Rxh5 34. Qxh5 Nxg6 35. Qh6+ Kg8 36. Ba4 Bf7 37. Kf2 Qb2+ 38. Kg3 Qa3 39. Ne5 Qxe3+ 40. Kh2 Qxf4+ 41. Kg2 Qd2+ 42. Kf1 Nf4 43. Qh5 0-1

[Event "RUS-ch Rapid"]
[Site "Sochi"]
[Date "2023.10.16"]
[Round "10"]
[White "Tsydypov, Zhamsaran"]
[Black "Novikov, Maxim"]
[Result "1-0"]
[WhiteElo "2548"]
[BlackElo "2435"]
[PlyCount "49"]
[EventDate "2023.10.15"]
[EventType "swiss (rapid)"]
[EventRounds "11"]
[EventCountry "RUS"]
[SourceTitle "Mega2024 Update 01"]
[Source "Chessbase"]
[SourceDate "2023.11.12"]
[SourceVersion "1"]
[SourceVersionDate "2023.11.12"]
[SourceQuality "1"]

1. e4 c5 2. Nf3 d6 3. d4 cxd4 4. Nxd4 Nf6 5. Nc3 g6 6. Be3 Bg7 7. f3 0-0 8. Qd2 Nc6 9. Nb3 Be6 10. 0-0-0 Na5 11. g4 Nxb3+ 12. axb3 Qa5 13. Kb1 Rfc8 14. Bd4 Ne8 15. h4 h5 16. gxh5 Qxh5 17. Be2 Qh8 18. Bxg7 Nxg7 19. f4 Rc5 20. b4 Rxc3 21. Qxc3 Qh6 22. Qg3 a5 23. h5 axb4 24. hxg6 Qxg6 25. Qh4 1-0

[Event "Tula Suetin Memorial"]
[Site "Tula"]
[Date "2021.01.08"]
[Round "8"]
[White "Novikov, Maxim"]
[Black "Tishin, Petr"]
[Result "1/2-1/2"]
[WhiteElo "2471"]
[BlackElo "2406"]
[PlyCount "41"]
[EventDate "2021.01.03"]
[EventType "tourn"]
[EventRounds "9"]
[EventCountry "RUS"]
[EventCategory "2"]
[SourceTitle "CBM 200 Extra"]
[Source "ChessBase"]
[SourceDate "2021.03.31"]
[SourceVersion "1"]
[SourceVersionDate "2021.03.31"]
[SourceQuality "1"]

1. c4 c5 2. Nc3 Nc6 3. g3 g6 4. Bg2 Bg7 5. Nf3 e5 6. d3 Nge7 7. 0-0 0-0 8. a3 a5 9. Rb1 d6 10. Bd2 h6 11. Nd5 Be6 12. e4 f5 13. b4 axb4 14. axb4 fxe4 15. dxe4 Bg4 16. h3 Bxf3 17. Bxf3 Nd4 18. Bg2 Nxd5 19. exd5 b6 20. bxc5 bxc5 21. Be3 1/2-1/2

[Event "Tula Suetin Memorial"]
[Site "Tula"]
[Date "2021.01.03"]
[Round "1"]
[White "Novikov, Maxim"]
[Black "Maneluk, Daniil"]
[Result "1/2-1/2"]
[WhiteElo "2471"]
[BlackElo "2353"]
[PlyCount "61"]
[EventDate "2021.01.03"]
[EventType "tourn"]
[EventRounds "9"]
[EventCountry "RUS"]
[EventCategory "2"]
[SourceTitle "CBM 200 Extra"]
[Source "ChessBase"]
[SourceDate "2021.03.31"]
[SourceVersion "1"]
[SourceVersionDate "2021.03.31"]
[SourceQuality "1"]

1. d4 d5 2. c4 c6 3. Nc3 Nf6 4. Nf3 e6 5. Bg5 dxc4 6. e4 b5 7. e5 h6 8. Bh4 g5 9. Nxg5 hxg5 10. Bxg5 Nbd7 11. exf6 Bb7 12. g3 c5 13. d5 Qb6 14. Bg2 0-0-0 15. 0-0 b4 16. Na4 Qb5 17. a3 Nb8 18. axb4 cxb4 19. Be3 Bxd5 20. Bxd5 Rxd5 21. Qe2 Nc6 22. Rfc1 c3 23. Nxc3 bxc3 24. Qxb5 Rxb5 25. Rxc3 Kd7 26. Ra6 Nd8 27. Rxa7+ Nb7 28. Ra8 Bg7 29. Rd3+ Kc7 30. Rc3+ Kd7 31. Rd3+ 1/2-1/2

[Event "RUS-chT2"]
[Site "Sochi"]
[Date "2018.05.04"]
[Round "4.7"]
[White "Novikov, Maxim"]
[Black "Barskij, Vladimir"]
[Result "1/2-1/2"]
[WhiteElo "2488"]
[BlackElo "2386"]
[PlyCount "113"]
[EventDate "2018.05.01"]
[EventType "team-swiss"]
[EventRounds "9"]
[EventCountry "RUS"]
[SourceTitle "CBM 184 Extra"]
[Source "ChessBase"]
[SourceDate "2018.06.28"]
[SourceVersion "1"]
[SourceVersionDate "2018.06.28"]
[SourceQuality "1"]
[WhiteTeam "Tula Region"]
[BlackTeam "Moscow Gogol Mogol"]
[WhiteTeamCountry "RUS"]
[BlackTeamCountry "RUS"]

1. e4 c5 2. Nf3 e6 3. c4 Nc6 4. Nc3 Nd4 5. Bd3 Ne7 6. Nxd4 cxd4 7. Ne2 Nc6 8. Bc2 e5 9. 0-0 d6 10. d3 Be7 11. f4 Bg4 12. h3 Bxe2 13. Qxe2 exf4 14. Ba4 g5 15. h4 h6 16. Qh5 Kd7 17. Qxf7 Qa5 18. Bb5 a6 19. Bxc6+ bxc6 20. Qh5 Qe5 21. Qg4+ Qe6 22. Qxe6+ Kxe6 23. Bd2 Bf6 24. b4 Be5 25. a4 Rhb8 26. Kf2 g4 27. Ke2 h5 28. Rab1 Rf8 29. Rb2 Rf7 30. Kf2 Bf6 31. Rh1 Bd8 32. Ke2 f3+ 33. gxf3 Rxf3 34. Rbb1 Ra7 35. Rbf1 Raf7 36. Rxf3 Rxf3 37. a5 Kd7 38. Bg5 Bxg5 39. hxg5 Re3+ 40. Kf2 Rxd3 41. b5 cxb5 42. cxb5 Rf3+ 43. Kg2 axb5 44. g6 Rf8 45. Rxh5 Kc6 46. a6 Rg8 47. a7 Kb6 48. Rd5 Kxa7 49. Rxd6 d3 50. e5 d2 51. Rxd2 Rxg6 52. Re2 Kb6 53. e6 Rg8 54. e7 Re8 55. Kg3 Kc6 56. Kxg4 Kd6 57. Kf5 1/2-1/2

[Event "RUS-chT2"]
[Site "Sochi"]
[Date "2018.05.03"]
[Round "3.5"]
[White "Tekeyev, Zaur"]
[Black "Novikov, Maxim"]
[Result "1-0"]
[WhiteElo "2378"]
[BlackElo "2488"]
[PlyCount "51"]
[EventDate "2018.05.01"]
[EventType "team-swiss"]
[EventRounds "9"]
[EventCountry "RUS"]
[SourceTitle "CBM 184 Extra"]
[Source "ChessBase"]
[SourceDate "2018.06.28"]
[SourceVersion "1"]
[SourceVersionDate "2018.06.28"]
[SourceQuality "1"]
[WhiteTeam "Stavropol Region"]
[BlackTeam "Tula Region"]
[WhiteTeamCountry "RUS"]
[BlackTeamCountry "RUS"]

1. e4 d6 2. d4 Nf6 3. Nc3 Nbd7 4. Nf3 e5 5. Bc4 Be7 6. a4 0-0 7. 0-0 exd4 8. Nxd4 Ne5 9. Ba2 Nc6 10. Re1 Nb4 11. Bb1 c5 12. Nde2 d5 13. Nxd5 Nbxd5 14. exd5 Nxd5 15. c3 Be6 16. Be4 Qd6 17. Qc2 f5 18. Bf3 Rad8 19. Bd2 Qc7 20. Ng3 Bc8 21. Qb3 c4 22. Qb5 Qc5 23. Qxc5 Bxc5 24. Bg5 Rd6 25. Re5 f4 26. Bxd5+ 1-0

[Event "RUS-chT2"]
[Site "Sochi"]
[Date "2018.05.01"]
[Round "1.2"]
[White "Demidov, Mikhail"]
[Black "Novikov, Maxim"]
[Result "1-0"]
[WhiteElo "2511"]
[BlackElo "2488"]
[PlyCount "85"]
[EventDate "2018.05.01"]
[EventType "team-swiss"]
[EventRounds "9"]
[EventCountry "RUS"]
[SourceTitle "CBM 184 Extra"]
[Source "ChessBase"]
[SourceDate "2018.06.28"]
[SourceVersion "1"]
[SourceVersionDate "2018.06.28"]
[SourceQuality "1"]
[WhiteTeam "Moscow Automatics"]
[BlackTeam "Tula Region"]
[WhiteTeamCountry "RUS"]
[BlackTeamCountry "RUS"]

1. d4 Nf6 2. Nf3 c5 3. e3 g6 4. d5 Bg7 5. Nc3 0-0 6. Bc4 d6 7. 0-0 Na6 8. e4 Nc7 9. Re1 Bg4 10. h3 Bxf3 11. Qxf3 Nd7 12. Qg3 Rb8 13. a4 a6 14. a5 b5 15. axb6 Rxb6 16. Nd1 Rb4 17. Bd3 Nb6 18. c3 Ra4 19. Rb1 Ra2 20. c4 Ra4 21. Re2 Qd7 22. b3 Ra1 23. Rxa1 Bxa1 24. Nb2 e5 25. Bh6 Rb8 26. f4 Qe7 27. fxe5 dxe5 28. Qe1 Bxb2 29. Rxb2 Nd7 30. Be3 Qd6 31. Bc2 Kg7 32. Ra2 Rf8 33. Qd2 Kg8 34. Ra5 Rc8 35. Bd1 f5 36. exf5 gxf5 37. Qf2 Qb6 38. Qxf5 Qxa5 39. Qxd7 Rb8 40. Bh6 Qe1+ 41. Kh2 Ne8 42. Qe6+ Kh8 43. Qf7 1-0

[Event "RUS-ch blitz"]
[Site "Sochi"]
[Date "2017.10.02"]
[Round "5"]
[White "Novikov, Maxim"]
[Black "Savitskiy, Sergey"]
[Result "0-1"]
[WhiteElo "2501"]
[BlackElo "2412"]
[PlyCount "77"]
[EventDate "2017.10.02"]
[EventType "swiss (blitz)"]
[EventRounds "20"]
[EventCountry "RUS"]
[SourceTitle "EXT 2018"]
[Source "ChessBase"]
[SourceDate "2017.10.13"]
[SourceVersion "1"]
[SourceVersionDate "2017.10.13"]
[SourceQuality "1"]

1. e4 c5 2. Nf3 Nc6 3. Bb5 d6 4. 0-0 Bd7 5. c3 a6 6. Ba4 Nf6 7. Re1 b5 8. Bc2 Bg4 9. h3 Bxf3 10. Qxf3 g6 11. a4 Rb8 12. axb5 axb5 13. d3 Bg7 14. Bg5 0-0 15. Nd2 h6 16. Bf4 Nd7 17. Bb3 b4 18. Bd5 Nce5 19. Qe2 e6 20. Ba2 bxc3 21. bxc3 Rb2 22. d4 cxd4 23. cxd4 Nc6 24. Bxd6 Nxd4 25. Qd1 Re8 26. Nc4 Rb7 27. e5 Nf5 28. Rb1 Rxb1 29. Bxb1 Nxd6 30. Nxd6 Rf8 31. f4 Nb6 32. Be4 g5 33. Qh5 gxf4 34. Rf1 Qg5 35. Qf3 Bxe5 36. Nb7 Nd7 37. Kh1 Nf6 38. Bb1 Nh5 39. Qd3 0-1

[Event "RUS-ch blitz"]
[Site "Sochi"]
[Date "2017.10.02"]
[Round "6"]
[White "Savitskiy, Sergey"]
[Black "Novikov, Maxim"]
[Result "0-1"]
[WhiteElo "2412"]
[BlackElo "2501"]
[PlyCount "112"]
[EventDate "2017.10.02"]
[EventType "swiss (blitz)"]
[EventRounds "20"]
[EventCountry "RUS"]
[SourceTitle "EXT 2018"]
[Source "ChessBase"]
[SourceDate "2017.10.13"]
[SourceVersion "1"]
[SourceVersionDate "2017.10.13"]
[SourceQuality "1"]

1. e4 d6 2. d4 Nf6 3. Nc3 e5 4. Nf3 Nbd7 5. Bc4 Be7 6. 0-0 0-0 7. Re1 c6 8. a4 a5 9. h3 exd4 10. Nxd4 Nb6 11. Ba2 d5 12. exd5 Nfxd5 13. Nxd5 cxd5 14. c3 Bd7 15. Bb3 Bf6 16. Bc2 Re8 17. Rxe8+ Qxe8 18. Bf4 Nc4 19. b3 Ne5 20. Qd2 Ng6 21. Re1 Qd8 22. Bg3 Rc8 23. Bd3 Qb6 24. Bb5 Bc6 25. Qd3 Qc5 26. Rc1 Bxd4 27. Qxd4 Bxb5 28. Qxc5 Rxc5 29. axb5 Rxb5 30. c4 dxc4 31. bxc4 Rb3 32. Bd6 f6 33. Ra1 b6 34. c5 bxc5 35. Bxc5 Rb5 36. Bd6 Ne5 37. Bxe5 fxe5 38. Rc1 Kf7 39. Rc7+ Kf6 40. Ra7 h5 41. h4 g5 42. hxg5+ Kxg5 43. g3 e4 44. Kg2 Kf5 45. Rh7 Kf6 46. Ra7 Ke6 47. Kh3 Kd5 48. Kh4 Kc4 49. Re7 Kd3 50. Rd7+ Ke2 51. Rf7 a4 52. Ra7 Kxf2 53. Rxa4 Re5 54. Ra2+ Kf3 55. Ra8 e3 56. Rf8+ Kg2 0-1

[Event "RUS-ch blitz"]
[Site "Sochi"]
[Date "2017.10.02"]
[Round "7"]
[White "Triapishko, Alexandr"]
[Black "Novikov, Maxim"]
[Result "1-0"]
[WhiteElo "2500"]
[BlackElo "2501"]
[PlyCount "55"]
[EventDate "2017.10.02"]
[EventType "swiss (blitz)"]
[EventRounds "20"]
[EventCountry "RUS"]
[SourceTitle "EXT 2018"]
[Source "ChessBase"]
[SourceDate "2017.10.13"]
[SourceVersion "1"]
[SourceVersionDate "2017.10.13"]
[SourceQuality "1"]

1. d4 Nf6 2. Nc3 d5 3. Bf4 e6 4. Nb5 Na6 5. e3 Bd6 6. Nxd6+ cxd6 7. c3 0-0 8. Nf3 Nc7 9. Bd3 Ne4 10. h4 f5 11. Qe2 Bd7 12. Nd2 Bc6 13. 0-0-0 Qe7 14. f3 Nxd2 15. Qxd2 b5 16. g4 a5 17. gxf5 exf5 18. Rdg1 Ne6 19. Qh2 Rad8 20. h5 b4 21. cxb4 axb4 22. Rg2 Rf7 23. Rhg1 Kh8 24. Kb1 Qa7 25. Bxd6 Ra8 26. b3 f4 27. Be5 h6 28. Rg6 1-0

[Event "Tula-ch Region"]
[Site "Tula"]
[Date "2017.08.29"]
[Round "8"]
[White "Novikov, Maxim"]
[Black "Sadovsky, Artem"]
[Result "1/2-1/2"]
[WhiteElo "2501"]
[BlackElo "2386"]
[PlyCount "26"]
[EventDate "2017.08.22"]
[EventType "tourn"]
[EventRounds "9"]
[EventCountry "RUS"]
[EventCategory "6"]
[SourceTitle "CBM 180 Extra"]
[Source "ChessBase"]
[SourceDate "2017.10.06"]
[SourceVersion "1"]
[SourceVersionDate "2017.10.06"]
[SourceQuality "1"]

1. e4 c6 2. d4 d5 3. exd5 cxd5 4. Bd3 Nc6 5. c3 Nf6 6. Bf4 g6 7. Qb3 Bg7 8. Nf3 0-0 9. 0-0 Na5 10. Qc2 Nc4 11. Qb3 Na5 12. Qc2 Nc4 13. Qb3 Na5 1/2-1/2

[Event "Tula-ch Region"]
[Site "Tula"]
[Date "2017.08.24"]
[Round "3"]
[White "Novikov, Maxim"]
[Black "Yagubi, Asif"]
[Result "1/2-1/2"]
[WhiteElo "2501"]
[BlackElo "2381"]
[PlyCount "71"]
[EventDate "2017.08.22"]
[EventType "tourn"]
[EventRounds "9"]
[EventCountry "RUS"]
[EventCategory "6"]
[SourceTitle "CBM 180 Extra"]
[Source "ChessBase"]
[SourceDate "2017.10.06"]
[SourceVersion "1"]
[SourceVersionDate "2017.10.06"]
[SourceQuality "1"]

1. e4 d6 2. d4 Nf6 3. Nc3 e5 4. dxe5 dxe5 5. Qxd8+ Kxd8 6. Bg5 c6 7. 0-0-0+ Ke8 8. Nf3 Nbd7 9. h3 Bc5 10. Bh4 Bb6 11. Bg3 Bc7 12. a4 a5 13. Bc4 Nh5 14. Bh4 Nhf6 15. Bg3 Nh5 16. Bh2 Ke7 17. Rd2 f6 18. Rhd1 Nf4 19. b3 Nc5 20. Kb2 Bd7 21. Nh4 Rad8 22. Bxf4 exf4 23. Nf3 Be6 24. Bxe6 Kxe6 25. Nd4+ Kf7 26. Nf3 Rhe8 27. Rxd8 Rxd8 28. Rxd8 Bxd8 29. Kc1 Bb6 30. Kd2 Ne6 31. Nd1 Ke7 32. Ke2 Nd4+ 33. Nxd4 Bxd4 34. Kd3 Bc5 35. f3 g6 36. Nb2 1/2-1/2

[Event "Tula-ch Region"]
[Site "Tula"]
[Date "2017.08.22"]
[Round "1"]
[White "Novikov, Maxim"]
[Black "Smirnov, Alexander1111"]
[Result "1/2-1/2"]
[WhiteElo "2501"]
[BlackElo "2379"]
[PlyCount "51"]
[EventDate "2017.08.22"]
[EventType "tourn"]
[EventRounds "9"]
[EventCountry "RUS"]
[EventCategory "6"]
[SourceTitle "CBM 180 Extra"]
[Source "ChessBase"]
[SourceDate "2017.10.06"]
[SourceVersion "1"]
[SourceVersionDate "2017.10.06"]
[SourceQuality "1"]

1. e4 e5 2. Nf3 Nf6 3. Nc3 Nc6 4. d4 exd4 5. Nxd4 Bb4 6. Nxc6 bxc6 7. Bd3 d5 8. exd5 0-0 9. 0-0 cxd5 10. Bg5 c6 11. h3 h6 12. Bf4 Bd6 13. Qf3 Rb8 14. b3 Rb4 15. Bd2 Rh4 16. Rfe1 Bb8 17. Ne2 Ne4 18. Bf4 Bxf4 19. Nxf4 Qf6 20. g3 Ng5 21. Qe3 Rxf4 22. gxf4 Nxh3+ 23. Kh2 Nxf4 24. Qe7 Qd4 25. Qe3 Qf6 26. Qe7 1/2-1/2

[Event "Rilsk"]
[Site "Rilsk"]
[Date "2017.01.24"]
[Round "9"]
[White "Kurilin, Alexander"]
[Black "Novikov, Maxim"]
[Result "1/2-1/2"]
[WhiteElo "2335"]
[BlackElo "2510"]
[PlyCount "128"]
[EventDate "2017.01.20"]
[EventType "tourn"]
[EventRounds "13"]
[EventCountry "RUS"]
[EventCategory "7"]
[SourceTitle "EXT 2018"]
[Source "ChessBase"]
[SourceDate "2017.10.13"]
[SourceVersion "1"]
[SourceVersionDate "2017.10.13"]
[SourceQuality "1"]

1. e4 e5 2. Nf3 Nc6 3. d4 exd4 4. Nxd4 Qf6 5. Nxc6 Bc5 6. Qf3 Qxf3 7. gxf3 bxc6 8. Be3 Bxe3 9. fxe3 Ne7 10. Nc3 d6 11. Rg1 0-0 12. f4 f5 13. Bc4+ Kh8 14. e5 dxe5 15. 0-0-0 Ng6 16. Ne2 e4 17. Nd4 Bd7 18. Rg5 Rf6 19. Rdg1 Re8 20. b4 Re7 21. Kb2 Nh4 22. Be2 Rf8 23. R1g3 Rb8 24. Kc3 Rbe8 25. Bc4 Rf8 26. Rh3 Nf3 27. Nxf3 exf3 28. Rxf3 Rfe8 29. Bd3 h6 30. Rh5 Rf7 31. Rg3 Rf6 32. a4 Kh7 33. Rhh3 Ra8 34. Rg1 a5 35. bxa5 Rxa5 36. e4 fxe4 37. Bxe4+ Kg8 38. Rd3 Rd6 39. Rdg3 Rxa4 40. Rxg7+ Kf8 41. Rxd7 Rxe4 42. Rxc7 Rxf4 43. Rgg7 Rf2 44. Rh7 Kg8 45. Rcg7+ Kf8 46. Rb7 Kg8 47. Rhg7+ Kf8 48. Rgc7 Re6 49. h4 Rf3+ 50. Kb2 Rf4 51. Rc8+ Re8 52. Rxc6 Rxh4 53. Rh7 Rb8+ 54. Kc3 Rh3+ 55. Kd4 Rh4+ 56. Kd5 Rh5+ 57. Ke4 Re8+ 58. Kf4 Rh1 59. Rhxh6 Rxh6 60. Rxh6 Re2 61. Rc6 Ke7 62. Kf3 Re5 63. Rc8 Kd6 64. c4 Rc5 1/2-1/2

[Event "Rilsk"]
[Site "Rilsk"]
[Date "2017.01.22"]
[Round "5"]
[White "Tishin, Petr"]
[Black "Novikov, Maxim"]
[Result "1/2-1/2"]
[WhiteElo "2431"]
[BlackElo "2510"]
[PlyCount "53"]
[EventDate "2017.01.20"]
[EventType "tourn"]
[EventRounds "13"]
[EventCountry "RUS"]
[EventCategory "7"]
[SourceTitle "EXT 2018"]
[Source "ChessBase"]
[SourceDate "2017.10.13"]
[SourceVersion "1"]
[SourceVersionDate "2017.10.13"]
[SourceQuality "1"]

1. d4 Nf6 2. Nf3 c5 3. d5 b5 4. Bg5 g6 5. Bxf6 exf6 6. e4 a6 7. a4 bxa4 8. Nbd2 d6 9. Rxa4 Bg7 10. Bd3 0-0 11. 0-0 Nd7 12. c3 Nb6 13. Ra3 a5 14. Nc4 Nxc4 15. Bxc4 f5 16. exf5 Bxf5 17. Bd3 Bd7 18. Nd2 a4 19. Nc4 Bb5 20. Qd2 Qc7 21. Rfa1 Rab8 22. R3a2 Rfe8 23. Na3 Bd7 24. Nc4 Bb5 25. Na3 Bd7 26. Nc4 Bb5 27. Na3 1/2-1/2

[Event "Rilsk"]
[Site "Rilsk"]
[Date "2017.01.21"]
[Round "3"]
[White "Sadikhov, Ulvi Ramil Oglu"]
[Black "Novikov, Maxim"]
[Result "1/2-1/2"]
[WhiteElo "2422"]
[BlackElo "2510"]
[PlyCount "81"]
[EventDate "2017.01.20"]
[EventType "tourn"]
[EventRounds "13"]
[EventCountry "RUS"]
[EventCategory "7"]
[SourceTitle "EXT 2018"]
[Source "ChessBase"]
[SourceDate "2017.10.13"]
[SourceVersion "1"]
[SourceVersionDate "2017.10.13"]
[SourceQuality "1"]

1. Nf3 d5 2. g3 Nf6 3. c4 c5 4. cxd5 Nxd5 5. Bg2 Nc6 6. Nc3 e6 7. d4 cxd4 8. Nxd4 Nxc3 9. bxc3 Nxd4 10. Qxd4 Qxd4 11. cxd4 Bb4+ 12. Bd2 Bxd2+ 13. Kxd2 Kd8 14. Rhc1 Rb8 15. Rc3 Re8 16. Rac1 Re7 17. f4 b6 18. h4 Bb7 19. Bxb7 Rexb7 20. h5 f5 21. Rc6 Rd7 22. e3 Ke7 23. Rc7 b5 24. Kd3 b4 25. Rxd7+ Kxd7 26. Rc5 b3 27. axb3 Rxb3+ 28. Ke2 Ra3 29. Kf3 a5 30. g4 fxg4+ 31. Kxg4 Rxe3 32. Rxa5 Ke7 33. h6 gxh6 34. Ra7+ Kf6 35. Rxh7 Kg6 36. Re7 h5+ 37. Kh4 Kf5 38. Rf7+ Kg6 39. Re7 Kf5 40. Rf7+ Kg6 41. Re7 1/2-1/2